|
|
|
|
| LEADER |
00000nam0a2200000 4500 |
| 001 |
295369 |
| 005 |
20231102000812.0 |
| 035 |
|
|
|a (RuTPU)RU\TPU\book\320447
|
| 090 |
|
|
|a 295369
|
| 100 |
|
|
|a 20150522d1983 k y0rusy5003 ca
|
| 101 |
0 |
|
|a rus
|
| 102 |
|
|
|a RU
|
| 105 |
|
|
|a a z 001zy
|
| 200 |
1 |
|
|a Математическое моделирование и оптимизация процессов тепломассообмена в установках промышленной теплоэнергетики
|e междуведомственный сборник научных трудов
|f Ивановский энергетический институт (ИЭИ)
|
| 210 |
|
|
|a Иваново
|c Изд-во Ивановского гос. ун-та
|d 1983
|
| 215 |
|
|
|a 96 с.
|c ил.
|d 20 см
|
| 320 |
|
|
|a Библиография в конце статей
|
| 606 |
1 |
|
|a Теплоэнергетические установки
|x Теплообмен
|2 stltpush
|3 (RuTPU)RU\TPU\subj\59829
|9 77326
|
| 610 |
1 |
|
|a математическое моделирование
|
| 610 |
1 |
|
|a массообмен
|
| 610 |
1 |
|
|a тепломассообмен
|
| 610 |
1 |
|
|a оптимизация
|
| 610 |
1 |
|
|a промышленная теплоэнергетика
|
| 610 |
1 |
|
|a температурное поле
|
| 610 |
1 |
|
|a расчет
|
| 675 |
|
|
|a 621.1.016.4
|z rus
|v 4
|
| 712 |
0 |
2 |
|a Ивановский энергетический институт (ИЭИ)
|c (1930-1992)
|2 stltpush
|3 (RuTPU)RU\TPU\col\6341
|
| 801 |
|
0 |
|a RU
|b RuMRKP
|c 19950704
|g psbo
|
| 801 |
|
1 |
|a RU
|b 63413507
|c 20150522
|
| 801 |
|
2 |
|a RU
|b 63413507
|c 20180531
|g RCR
|
| 942 |
|
|
|c BK
|